LEADER 01092nam a2200253 i 4500 001 991001642239707536 008 030528s2001 it 000 0 ita | 020 $a8814089140 035 $ab12176424-39ule_inst 040 $aDip.to Studi Giuridici$bita 082 0 $a346.45017 100 1 $aThomas, Roberto$0264135 245 12$aL'accertamento della filiazione naturale :$bil giudizio di ammissibilità e di merito, la prova del DNA, la fecondazione artificiale eterologa, il procedimento comparato con 11 stati esteri /$cRobert Thomas 260 $aMilano :$bA. Giuffrè,$c2001 300 $axiii, 244 p. ;$c21 cm 440 0$aTeoria e ptratica del diritto ; Sez.$p1 440 0$aDiritto e procedura civile ;$v95 650 4$aFiliazione naturale$zItalia 907 $a.b12176424$b02-04-14$c28-05-03 912 $a991001642239707536 945 $aLE027 346.45 THO01.01$g0$i2027000040810$lle027$o-$pE16.53$q-$rl$s- $t0$u4$v8$w4$x0$y.i12525303$z28-05-03 996 $aAccertamento della filiazione naturale$9145050 997 $aUNISALENTO 998 $ale027$b21-05-03$cm$da $e-$fita$git $h2$i0